Stratégie využívané pri očakávanom poklese trhu
Neočakávané pohyby devízových kurzov spôsobujú nestálosť finančných tokov. Na ich elimináciu je vhodné používať nástroje derivátového trhu. Pri očakávanej stagnácii alebo poklese podkladového aktíva je vhodné použiť kombinovanú stratégiu Vertical Ratio Put spread (VRPS). Príklad využitia kombinovane...
Na minha lista:
| Autor principal: | |
|---|---|
| Formato: | Capítulo de Livro |
| Idioma: | eslovaco inglês |
| Assuntos: | |
| Tags: |
Sem tags, seja o primeiro a adicionar uma tag!
|
MARC
| LEADER | 00000naa a2200000 4500 | ||
|---|---|---|---|
| 001 | r035121 | ||
| 005 | 20230426112542.2 | ||
| 041 | 0 | |a slo | |
| 041 | 0 | |a eng | |
| 044 | |a SK | ||
| 245 | 1 | 0 | |a Stratégie využívané pri očakávanom poklese trhu |c Erik Gottschall |
| 520 | |a Neočakávané pohyby devízových kurzov spôsobujú nestálosť finančných tokov. Na ich elimináciu je vhodné používať nástroje derivátového trhu. Pri očakávanej stagnácii alebo poklese podkladového aktíva je vhodné použiť kombinovanú stratégiu Vertical Ratio Put spread (VRPS). Príklad využitia kombinovanej pozície VRPS v praxi. | ||
| 610 | 2 | 0 | |a stratégia obchodná |
| 610 | 2 | 0 | |a trh finančný |
| 610 | 2 | 0 | |a kurz devízový |
| 610 | 2 | 0 | |a opcie |
| 100 | 1 | |a Gottschall, Erik | |